书目信息 |
| 题名: |
恢复生态学
|
|
| 作者: | 董世魁 主编 | |
| 分册: | ||
| 出版信息: | 北京 高等教育出版社 2009.4 |
|
| 页数: | 382页 | |
| 开本: | 23cm | |
| 丛书名: | ||
| 单 册: | ||
| 中图分类: | Q148 | |
| 科图分类: | ||
| 主题词: | 生态系生态学--高等学校--教材 , 生态系生态学 | |
| 电子资源: | ||
| ISBN: | 978-7-04-026129-5 | |
| 000 | 00863nam0 2200265 450 | |
| 001 | 0400002137 | |
| 005 | 20171020110531.0 | |
| 010 | @a978-7-04-026129-5@dCNY38.50 | |
| 100 | @a20090630e20172009em y0chiy50 ea | |
| 101 | 0 | @achi |
| 102 | @aCN@b110000 | |
| 105 | @ay z 000yy | |
| 106 | @ar | |
| 200 | 1 | @a恢复生态学@9hui fu sheng tai xue@f董世魁[等]主编 |
| 210 | @a北京@c高等教育出版社@d2009.4@h2017.7 | |
| 215 | @a382页@d23cm | |
| 300 | @a高等学校教材 | |
| 304 | @a主编还有:刘世梁、邵新庆、黄晓霞 | |
| 330 | @a本书内容分为恢复生态学的原理与基础、恢复生态学原理的应用与实践、全球生态恢复的典型案例、与恢复生态学发展密切相关的前沿科学理论四部分。 | |
| 606 | 0 | @a生态系生态学@x高等学校@j教材 |
| 606 | 0 | @a生态系生态学 |
| 690 | @aQ148@v4 | |
| 701 | 0 | @a董世魁@9dong shi kui@4主编 |
| 801 | 0 | @aCN@b91MARC@c20171020 |
| 905 | @b1031535-9@dQ148@f5@e218 | |
| 恢复生态学/董世魁[等]主编.-北京:高等教育出版社,2009.4(2017.7) |
| 382页;23cm |
| 高等学校教材 |
| ISBN 978-7-04-026129-5:CNY38.50 |
| 本书内容分为恢复生态学的原理与基础、恢复生态学原理的应用与实践、全球生态恢复的典型案例、与恢复生态学发展密切相关的前沿科学理论四部分。 |
| ● |
| 相关链接 |
|
|
|
|
正题名:恢复生态学
索取号:Q148/218
 
预约/预借
| 序号 | 登录号 | 条形码 | 馆藏地/架位号 | 状态 | 备注 |
| 1 | 1031535 | 210315354 | 第二样本阅览室/ [索取号:Q148/218] | 在馆 | |
| 2 | 1031536 | 210315363 | 密集书库-生命科学系/ [索取号:Q148/218] | 在馆 | |
| 3 | 1031537 | 210315372 | 第三借阅区/ [索取号:Q148/218] | 在馆 | |
| 4 | 1031538 | 210315381 | 第三借阅区/ [索取号:Q148/218] | 在馆 | |
| 5 | 1031539 | 210315390 | 第三借阅区/ [索取号:Q148/218] | 在馆 |